000 00863pam a2200289 a 4500
008
020 _a0471086584 (acid-free paper)
049 _aMAIN
090 _aTA710
100 1 _aTerzaghi, Karl
245 1 0 _aSoil mechanics in engineering practice /
_cKarl Terzaghi, Ralph B. Peck, Gholamreza Mesri.
250 _a3rd ed.
260 _aNew York :
_bWiley,
_cc1996.
300 _axxx, 549 p. :
_bill. ;
_c29 cm.
500 _a"A Wiley-Interscience publication."
504 _aIncludes bibliographical references.
500 _aIncludes index.
650 0 _aSoil mechanics.
653 0 _aSoils
_aMechanics.
700 1 _aPeck, Ralph B.
700 1 _aMesri, Gholamreza
907 _a.b1017185x
_b20-08-05
_c17-08-05
003
005 20230123134050.0
040 _cNUST
942 _cBOOKS
_kTA710
999 _c159428
_d159428